Normal view
MARC view
Entry Término temático
001 - NÚMERO DE CONTROL
- campo de control: 28830
003 - IDENTIFICADOR DEL NÚMERO DE CONTROL
- campo de control: FranzMayer
005 - FECHA Y HORA DE LA ÚLTIMA TRANSACCIÓN
- campo de control: 20230717135500.0
008 - DATOS DE LONGITUD FIJA
- campo de control de longitud fija: 230717|| aca||aabn | a|a d
040 ## - FUENTE DE LA CATALOGACIÓN
- Centro catalogador/agencia de origen: FranzMayer
- Centro/agencia transcriptor: FranzMayer
150 ## - ENCABEZAMIENTO--TÉRMINO DE MATERIA
- Término de materia o nombre geográfico como elemento de entrada: Surrealismo
- Subdivisión de forma: Siglo 20
670 ## - FUENTE DE DATOS ENCONTRADOS
- Cita de la fuente: Work cat.: (FranzMayer)10867: Secretaria de Cultura Museo Palacio de Bellas Artes 28646, Solo lo maravilloso es bello, 2022